[Event "4NCL/Div1/WES1 vs. BAR1"]
[Site "West Bromwich ENG"]
[Date "2004.11.20"]
[Round "3.1"]
[White "Corkett, Anthony R"]
[Black "Parker, Jonathan"]
[Result "1/2-1/2"]
[WhiteElo "2310"]
[BlackElo "2537"]
[PlyCount "66"]
[EventDate "2004.11.20"]
[SourceDate "2004.09.21"]

1. Nc3 Nf6 2. Nf3 d5 3. d4 Bf5 4. Bf4 c6 5. e3 e6 6. Bd3 Be7 7. O-O O-O 8. Re1
Bxd3 9. cxd3 Nh5 10. Be5 Nd7 11. h3 Nxe5 12. Nxe5 Nf6 13. Rb1 c5 14. dxc5 Bxc5
15. b4 Bd6 16. Nf3 Rc8 17. Qb3 Nd7 18. Nb5 Bb8 19. Rec1 Nf6 20. Nd2 Qd7 21. Nd4
e5 22. Ne2 e4 23. Nf1 h5 24. Rc5 Bd6 25. Rxc8 Rxc8 26. Rd1 Qe7 27. a3 Be5 28.
a4 g6 29. b5 Kg7 30. Rc1 exd3 31. Qxd3 Rxc1 32. Nxc1 Qb4 33. Qb3 Qxb3 1/2-1/2

[Event "4NCL/Div1/WES1 vs. BAR1"]
[Site "West Bromwich ENG"]
[Date "2004.11.20"]
[Round "3.2"]
[White "Kelly, Brian"]
[Black "Simons, Martin J"]
[Result "1-0"]
[WhiteElo "2494"]
[BlackElo "2293"]
[PlyCount "65"]
[EventDate "2004.11.20"]
[SourceDate "2004.09.21"]

1. c4 b6 2. Nf3 Bb7 3. g3 Bxf3 4. exf3 c5 5. d4 Nc6 6. d5 Nd4 7. Nc3 g6 8. Bg2
Nh6 9. h4 Bg7 10. h5 d6 11. Bg5 f5 12. Be3 Qd7 13. Ne2 Nxe2 14. Qxe2 Nf7 15. f4
a6 16. Rb1 a5 17. Bf3 Nh6 18. Kf1 Rb8 19. Bd2 b5 20. b3 b4 21. Bc1 Bf6 22. Bb2
Kf7 23. Re1 Rbe8 24. Qd2 Kg7 25. Re6 Rhf8 26. Kg2 Bxb2 27. Qxb2+ Rf6 28. Bd1
Ref8 29. f3 Nf7 30. Rhe1 Re8 31. Qxf6+ exf6 32. Rxe8 Ne5 33. Re6 1-0

[Event "4NCL/Div1/WES1 vs. BAR1"]
[Site "West Bromwich ENG"]
[Date "2004.11.20"]
[Round "3.3"]
[White "Webb, Richard M"]
[Black "Palliser, Richard"]
[Result "0-1"]
[WhiteElo "2313"]
[BlackElo "2402"]
[PlyCount "78"]
[EventDate "2004.11.20"]
[SourceDate "2004.09.21"]

1. e4 c5 2. Nc3 d6 3. Nge2 Nf6 4. g3 Nc6 5. Bg2 g6 6. O-O Bd7 7. Nd5 Bg7 8. c3
O-O 9. d4 cxd4 10. cxd4 Nxd5 11. exd5 Nb4 12. a3 Na6 13. Re1 Qb6 14. Bg5 Rfe8
15. Qd2 Rac8 16. Rac1 Rxc1 17. Qxc1 Nc7 18. Qd2 Nb5 19. Be3 Bg4 20. f3 Bd7 21.
Bf2 Nc7 22. Nc3 Qb3 23. f4 Nb5 24. Nxb5 Qxb5 25. Rc1 Rc8 26. Rxc8+ Bxc8 27. h3
h5 28. Qc3 Bf5 29. b3 Bf6 30. b4 Qa4 31. Kh2 Qd1 32. Bg1 Bd3 33. Qc8+ Kg7 34.
Qxb7 Qe2 35. Kh1 Be4 36. Bxe4 Qxe4+ 37. Kh2 Qe2+ 38. Kh1 Qf3+ 39. Kh2 h4 0-1

[Event "4NCL/Div1/WES1 vs. BAR1"]
[Site "West Bromwich ENG"]
[Date "2004.11.20"]
[Round "3.4"]
[White "Collins, Sam"]
[Black "Allicock, Rawle A"]
[Result "1/2-1/2"]
[WhiteElo "2387"]
[BlackElo "2292"]
[PlyCount "67"]
[EventDate "2004.11.20"]
[SourceDate "2004.09.21"]

1. d4 Nf6 2. c4 e6 3. Nc3 Bb4 4. e3 O-O 5. Bd3 c5 6. Nf3 d5 7. O-O Nc6 8. a3
Ba5 9. h3 Bd7 10. cxd5 exd5 11. dxc5 Bxc3 12. bxc3 Qa5 13. Rb1 Rab8 14. c4 dxc4
15. Bxc4 Qxc5 16. Bd3 Rfd8 17. Rb5 Qe7 18. Bb2 a6 19. Rb6 Bf5 20. Nd4 Nxd4 21.
Bxd4 Nd5 22. Bxf5 Nxb6 23. Qg4 Rxd4 24. Qxd4 Qc7 25. Bb1 Rd8 26. Qh4 g6 27. Ba2
Rd2 28. Bb3 Rb2 29. Bd1 Nc4 30. Bf3 Nd2 31. Rd1 Qc2 32. Qd8+ Kg7 33. Qd4+ Kg8
34. Qd8+ 1/2-1/2

[Event "4NCL/Div1/WES1 vs. BAR1"]
[Site "West Bromwich ENG"]
[Date "2004.11.20"]
[Round "3.5"]
[White "Upton, Ian J"]
[Black "Knott, Simon"]
[Result "1/2-1/2"]
[WhiteElo "2242"]
[BlackElo "2388"]
[PlyCount "142"]
[EventDate "2004.11.20"]
[SourceDate "2004.09.21"]

1. e4 e6 2. d4 d5 3. Nd2 c5 4. exd5 Qxd5 5. Ngf3 cxd4 6. Bc4 Qd6 7. O-O Nf6 8.
Nb3 Nc6 9. Nbxd4 Nxd4 10. Nxd4 a6 11. Re1 Qc7 12. Bb3 Bd6 13. h3 O-O 14. Bg5 b5
15. c3 Bb7 16. Bc2 Nd5 17. Qg4 Rfe8 18. Rad1 g6 19. Ne2 Rac8 20. Bb3 Bh2+ 21.
Kh1 Be5 22. Qh4 b4 23. cxb4 Bxb2 24. Rd2 Bg7 25. Red1 Qb6 26. Bxd5 Bxd5 27. Nf4
Bc6 28. Bf6 Bxf6 29. Qxf6 Qxb4 30. Nh5 Qf8 31. Qg5 h6 32. Nf6+ Kh8 33. Qe5 Qg7
34. f4 Rf8 35. h4 Rb8 36. Kg1 Rb5 37. Qd6 Rf5 38. Qxc6 Qxf6 39. g3 a5 40. Kg2
Kg7 41. Rd3 g5 42. hxg5 hxg5 43. fxg5 Qxg5 44. Qc3+ Qf6 45. Qxf6+ Kxf6 46. Ra3
Rb8 47. Rd2 Rb4 48. Re2 Kg5 49. Rc2 Kg4 50. Re2 Rfb5 51. Rf2 f5 52. Raf3 Rb2
53. Rf4+ Kg5 54. Ra4 e5 55. g4 fxg4 56. Rxb2 Rxb2+ 57. Kg3 Kf5 58. Rxa5 Rc2 59.
Ra3 Rd2 60. Ra8 Rd3+ 61. Kg2 Kf4 62. Rf8+ Ke3 63. a4 Ra3 64. Ra8 Kf4 65. Rf8+
Ke4 66. Ra8 Kd5 67. a5 Kc6 68. a6 Kb6 69. Re8 Ra5 70. Re6+ Ka7 71. Kg3 Rxa6
1/2-1/2

[Event "4NCL/Div1/WES1 vs. BAR1"]
[Site "West Bromwich ENG"]
[Date "2004.11.20"]
[Round "3.6"]
[White "Ferguson, Mark"]
[Black "Yeo, Michael J"]
[Result "1-0"]
[WhiteElo "2395"]
[BlackElo "2216"]
[PlyCount "71"]
[EventDate "2004.11.20"]
[SourceDate "2004.09.21"]

1. e4 e5 2. Nf3 Nf6 3. Nc3 Nc6 4. Bb5 Bb4 5. O-O O-O 6. d3 d6 7. Bg5 Bxc3 8.
bxc3 Qe7 9. Re1 Nd8 10. d4 Ne6 11. Bc1 Rd8 12. Nh4 g6 13. a4 c6 14. Bf1 d5 15.
Nf5 gxf5 16. exf5 Nc7 17. Rxe5 Qf8 18. Bg5 Rd6 19. Qc1 Kh8 20. Qa3 Nce8 21.
Rae1 Bd7 22. Bf4 Rd8 23. Bd3 Bc8 24. R5e3 Ng7 25. Be5 Bxf5 26. Bxf5 Nxf5 27.
Rf3 Ng7 28. Bxf6 Re6 29. Qc1 Rde8 30. Re5 Rxf6 31. Rxf6 Rxe5 32. dxe5 Ne8 33.
Rf3 Qe7 34. Qe3 Kg8 35. Rg3+ Ng7 36. Qxa7 1-0

[Event "4NCL/Div1/WES1 vs. BAR1"]
[Site "West Bromwich ENG"]
[Date "2004.11.20"]
[Round "3.7"]
[White "Clark, Ian C"]
[Black "Devereaux, Maxim"]
[Result "0-1"]
[WhiteElo "2109"]
[BlackElo "2331"]
[PlyCount "56"]
[EventDate "2004.11.20"]
[SourceDate "2004.09.21"]

1. e4 c5 2. Nf3 Nc6 3. d4 cxd4 4. Nxd4 Nf6 5. Nc3 e5 6. Ndb5 d6 7. Bg5 a6 8.
Bxf6 gxf6 9. Na3 b5 10. Nd5 Bg7 11. Bd3 Ne7 12. Nxe7 Qxe7 13. c4 f5 14. cxb5 d5
15. bxa6 Qb4+ 16. Qd2 Qxd2+ 17. Kxd2 fxe4 18. Bb5+ Ke7 19. Rhd1 Bxa6 20. Bc6
Rab8 21. b3 Kd6 22. Ba4 Ke6 23. Ke1 Bf8 24. Nc2 Rc8 25. Rac1 Bd3 26. b4 Rxc2
27. Rxc2 Bxb4+ 28. Rcd2 d4 0-1

[Event "4NCL/Div1/WES1 vs. BAR1"]
[Site "West Bromwich ENG"]
[Date "2004.11.20"]
[Round "3.8"]
[White "Lauterbach, Ingrid"]
[Black "Evans-Quek, Debbie"]
[Result "0-1"]
[WhiteElo "2179"]
[BlackElo "2013"]
[PlyCount "130"]
[EventDate "2004.11.20"]
[SourceDate "2004.09.21"]

1. e4 c5 2. Nf3 e6 3. d3 Nc6 4. g3 Rb8 5. Bg2 b5 6. O-O Bb7 7. c3 d6 8. d4 Nf6
9. Qe2 a6 10. dxc5 dxc5 11. Bf4 Rc8 12. Rd1 Qa5 13. Nbd2 Be7 14. Nf1 O-O 15. e5
Nd5 16. Bg5 c4 17. Bxe7 Ncxe7 18. Ng5 Qb6 19. Qh5 h6 20. Ne4 Nf5 21. Qe2 Rfd8
22. Nfd2 Rd7 23. Nf3 Rcd8 24. Rd2 Qc7 25. Rad1 Ba8 26. Bh3 Qc6 27. Nd4 Nxd4 28.
cxd4 Nf4 29. gxf4 Qxe4 30. Qxe4 Bxe4 31. f5 exf5 32. a3 Bd3 33. f3 g6 34. Kf2
Rxd4 35. Bf1 f4 36. Bh3 Kf8 37. e6 f6 38. e7+ Kxe7 39. Re1+ Kf8 40. Red1 Kf7
41. Bf1 R4d7 42. Bh3 Re7 43. b3 Rde8 44. bxc4 bxc4 45. Bf1 Bxf1 46. Rxf1 c3 47.
Rc2 Re3 48. Rb1 Rc8 49. Rb7+ Re7 50. Rb6 a5 51. Rb5 Re5 52. Rb3 Rec5 53. Rb6 g5
54. Kg2 Rd8 55. Rb7+ Kg6 56. h4 Kh5 57. a4 Kxh4 58. Rb1 Kh5 59. Kh3 Rd3 60. Rf1
g4+ 61. Kg2 g3 62. Rh1+ Kg5 63. Rcc1 c2 64. Rce1 Rd2+ 65. Kh3 Rh2+ 0-1

[Event "4NCL/Div1/3CS1 vs. BAR1"]
[Site "West Bromwich ENG"]
[Date "2004.11.21"]
[Round "4.1"]
[White "Davies, Nigel R"]
[Black "Kelly, Brian"]
[Result "1/2-1/2"]
[WhiteElo "2523"]
[BlackElo "2494"]
[PlyCount "106"]
[EventDate "2004.11.21"]
[SourceDate "2004.09.21"]

1. e4 e6 2. d3 c5 3. g3 Nc6 4. Bg2 g6 5. f4 Bg7 6. Nf3 Nge7 7. O-O O-O 8. c3 d6
9. Na3 Rb8 10. d4 b5 11. dxc5 dxc5 12. e5 Ba6 13. Qe2 Nd5 14. Nc2 Qb6 15. Re1
Rfd8 16. Kh1 Na5 17. Nd2 Bf8 18. Ne4 b4 19. Qf2 bxc3 20. Nxc3 Nxc3 21. bxc3 Nc4
22. Ne3 Nb2 23. Bxb2 Qxb2 24. Qxb2 Rxb2 25. Red1 Rxd1+ 26. Rxd1 Be2 27. Ra1 c4
28. Bf1 Bf3+ 29. Bg2 Bxg2+ 30. Nxg2 Rc2 31. Ne1 Rxc3 32. Kg2 Bc5 33. Rb1 Bb6
34. Rb2 Kf8 35. Rc2 Ra3 36. Nf3 Be3 37. h4 h6 38. Rxc4 Rxa2+ 39. Kh3 Rf2 40.
Nd4 Rb2 41. Kg4 h5+ 42. Kf3 Bxd4 43. Rxd4 Rb3+ 44. Kf2 Ke7 45. Ra4 Rb7 46. Ra3
Kd8 47. g4 hxg4 48. Kg3 Kc7 49. Kxg4 Kb6 50. Rb3+ Kc6 51. Ra3 Kb6 52. Rb3+ Kc6
53. Ra3 Kb6 1/2-1/2

[Event "4NCL/Div1/3CS1 vs. BAR1"]
[Site "West Bromwich ENG"]
[Date "2004.11.21"]
[Round "4.2"]
[White "Parker, Jonathan"]
[Black "Gordon, Stephen J"]
[Result "1/2-1/2"]
[WhiteElo "2537"]
[BlackElo "2340"]
[PlyCount "122"]
[EventDate "2004.11.21"]
[SourceDate "2004.09.21"]

1. d4 d5 2. c4 c6 3. Nc3 Nf6 4. e3 a6 5. Qc2 e6 6. Nf3 c5 7. cxd5 exd5 8. dxc5
Bxc5 9. Be2 O-O 10. O-O Be6 11. Rd1 Qe7 12. a3 Nc6 13. b4 Ba7 14. Bb2 Rfd8 15.
b5 Na5 16. Nd4 axb5 17. Ncxb5 Rac8 18. Qa4 Bb6 19. Nxe6 fxe6 20. Bd4 Nc4 21.
Qb4 Bc5 22. Bxc5 Qxc5 23. Nd4 Qxb4 24. axb4 Rd6 25. Rdc1 Rb6 26. Ra4 Ne4 27. f3
Ned2 28. e4 Rd8 29. exd5 Rxd5 30. Nc2 Kf7 31. Ra7 Kf6 32. Kf2 Rdd6 33. Rd1 {(=)
} Nb2 34. Re1 Rdc6 35. Nd4 Rc3 36. Nb5 Rb3 37. Nc7 R3xb4 38. Kg1 Rc6 39. Nb5
Rb6 40. Nc7 Ke7 41. Ra8 Rc6 42. Nb5 Rc5 43. Rg8 Kf7 44. Rd8 Rd5 45. Rxd5 exd5
46. Nc3 d4 47. Nd5 Rb3 48. f4 Ndc4 49. Bh5+ g6 50. Bf3 d3 51. Re7+ Kf8 52. Rd7
h5 53. Nf6 Rb6 54. Ne4 Ke8 55. Rd4 Re6 56. Rd5 Ke7 57. Kf2 Nd1+ 58. Bxd1 Rxe4
59. g3 Ne3 60. Rxd3 Nxd1+ 61. Rxd1 Rb4 1/2-1/2

[Event "4NCL/Div1/3CS1 vs. BAR1"]
[Site "West Bromwich ENG"]
[Date "2004.11.21"]
[Round "4.3"]
[White "Clarke, Stuart W"]
[Black "Ferguson, Mark"]
[Result "1/2-1/2"]
[WhiteElo "2303"]
[BlackElo "2395"]
[PlyCount "87"]
[EventDate "2004.11.21"]
[SourceDate "2004.09.21"]

1. e4 e5 2. Nf3 Nc6 3. Nc3 Nf6 4. d4 exd4 5. Nxd4 Bb4 6. Nxc6 bxc6 7. Bd3 d5 8.
exd5 cxd5 9. O-O O-O 10. Bg5 c6 11. Qf3 Bd6 12. Rfe1 Rb8 13. Na4 h6 14. Bh4 Be6
15. b3 Re8 16. Bf5 Rb4 17. c4 g5 18. Bxe6 Rxe6 19. Rxe6 fxe6 20. Bg3 Bxg3 21.
hxg3 Ne4 22. Re1 Rb7 23. Qd3 Qf6 24. Qe3 Re7 25. g4 Qf4 26. f3 Qxe3+ 27. Rxe3
Nd6 28. Nc5 e5 29. cxd5 cxd5 30. Rd3 d4 31. b4 Kf7 32. Kf2 Rc7 33. Ra3 Nc4 34.
Ra6 Nb6 35. a4 Nd5 36. Rxh6 Kg8 37. Nd3 Rc2+ 38. Ke1 Ne3 39. Nxe5 Nxg2+ 40. Kd1
Ne3+ 41. Ke1 Ng2+ 42. Kd1 Ne3+ 43. Ke1 Ng2+ 44. Kd1 1/2-1/2

[Event "4NCL/Div1/3CS1 vs. BAR1"]
[Site "West Bromwich ENG"]
[Date "2004.11.21"]
[Round "4.4"]
[White "Twyble, Michael S (res)"]
[Black "Longson, Alexander"]
[Result "0-1"]
[WhiteElo "2215"]
[BlackElo "2264"]
[PlyCount "84"]
[EventDate "2004.11.21"]
[SourceDate "2004.09.21"]

1. d4 d5 2. Nf3 Nc6 3. g3 Bg4 4. Nbd2 Qd7 5. c3 f6 6. h3 Bf5 7. Nh4 Be6 8. Bg2
O-O-O 9. b4 Bf7 10. Nhf3 Re8 11. O-O e5 12. dxe5 Nxe5 13. Nxe5 fxe5 14. e4 d4
15. Bb2 dxc3 16. Bxc3 Bd6 17. Qe2 Kb8 18. a4 g5 19. Nf3 h6 20. Qb2 Qe7 21. b5
Nf6 22. Nd2 Nd7 23. a5 Rhf8 24. Rab1 Bg8 25. Qc2 Rf6 26. f3 h5 27. g4 Nf8 28.
Nb3 Bc4 29. Rfd1 Bxb5 30. a6 Bxa6 31. Na5 Bc5+ 32. Kh1 hxg4 33. fxg4 Bb6 34.
Rd5 Re6 35. Qd2 c6 36. Bb4 Qf6 37. Rd6 Ng6 38. Rd7 Rd8 39. Bc5 Bxa5 40. Rbxb7+
Bxb7 41. Qxa5 Rxd7 42. Qxa7+ Kc8 0-1

[Event "4NCL/Div1/3CS1 vs. BAR1"]
[Site "West Bromwich ENG"]
[Date "2004.11.21"]
[Round "4.5"]
[White "Ashton, Adam G"]
[Black "Collins, Sam"]
[Result "1/2-1/2"]
[WhiteElo "2283"]
[BlackElo "2387"]
[PlyCount "90"]
[EventDate "2004.11.21"]
[SourceDate "2004.09.21"]

1. e4 e5 2. Nf3 Nc6 3. Bb5 a6 4. Ba4 Nf6 5. O-O Be7 6. Re1 b5 7. Bb3 O-O 8. a4
Bb7 9. d3 d6 10. c3 h6 11. Nbd2 Nd7 12. Nf1 Nc5 13. Bc2 Nxa4 14. Bxa4 bxa4 15.
Ne3 Re8 16. Rxa4 Bf8 17. h3 Ne7 18. c4 Qd7 19. Nh4 c6 20. Nef5 Nxf5 21. Nxf5
Kh7 22. Qg4 g6 23. Nxh6 Qe7 24. Nf5 gxf5 25. Qxf5+ Kg8 26. Re3 f6 27. Rg3+ Kh8
28. Rb4 Reb8 29. Rg4 Bc8 30. Rh4+ Kg8 31. Rxb8 Bxf5 32. Rxa8 Qb7 33. Rd8 Qc7
34. Rxf8+ Kxf8 35. exf5 Qa5 36. Bh6+ Ke8 37. Be3 Qa1+ 38. Kh2 Qxb2 39. Rh8+ Kf7
40. Ra8 Qa3 41. Ra7+ Ke8 42. h4 Qxd3 43. h5 Qxf5 44. h6 Qh5+ 45. Kg1 Qd1+
1/2-1/2

[Event "4NCL/Div1/3CS1 vs. BAR1"]
[Site "West Bromwich ENG"]
[Date "2004.11.21"]
[Round "4.6"]
[White "Palliser, Richard"]
[Black "James, Dale R"]
[Result "1/2-1/2"]
[WhiteElo "2402"]
[BlackElo "2199"]
[PlyCount "35"]
[EventDate "2004.11.21"]
[SourceDate "2004.09.21"]

1. d4 Nf6 2. Bg5 g6 3. Nc3 d5 4. Bxf6 exf6 5. e3 c6 6. Bd3 Nd7 7. h3 Qb6 8. a3
Bd6 9. b4 f5 10. g4 f4 11. Qf3 O-O 12. Nge2 fxe3 13. fxe3 a5 14. b5 Qd8 15. O-O
Nb6 16. bxc6 bxc6 17. e4 Be6 18. e5 1/2-1/2

[Event "4NCL/Div1/3CS1 vs. BAR1"]
[Site "West Bromwich ENG"]
[Date "2004.11.21"]
[Round "4.7"]
[White "Walton, Alan J"]
[Black "Devereaux, Maxim"]
[Result "1/2-1/2"]
[WhiteElo "2187"]
[BlackElo "2331"]
[PlyCount "75"]
[EventDate "2004.11.21"]
[SourceDate "2004.09.21"]

1. d4 d5 2. c4 c6 3. Nc3 Nf6 4. Nf3 dxc4 5. e4 b5 6. Bg5 b4 7. Na4 Nxe4 8. Bxc4
Qa5 9. Bd2 e6 10. O-O Nd7 11. b3 Bd6 12. Qe2 Ndf6 13. Bd3 Qd5 14. Rac1 O-O 15.
Rfe1 Nxd2 16. Qxd2 Rd8 17. Nc5 Qh5 18. Ne4 Nd5 19. Rxc6 Bf4 20. Qe2 Bb7 21. Rc5
Rac8 22. Qc2 f5 23. Ng3 Bxg3 24. hxg3 Nc3 25. Rxe6 Rxc5 26. dxc5 Bxf3 27. gxf3
Qxf3 28. Bc4 Kf8 29. Re1 g6 30. Bf1 Qd5 31. a3 a5 32. axb4 axb4 33. c6 Qxc6 34.
Qc1 Kg7 35. Re7+ Kf6 36. Qe3 Ne4 37. Rxh7 Rd7 38. Rxd7 1/2-1/2

[Event "4NCL/Div1/3CS1 vs. BAR1"]
[Site "West Bromwich ENG"]
[Date "2004.11.21"]
[Round "4.8"]
[White "Lauterbach, Ingrid"]
[Black "Martin, Katie"]
[Result "1-0"]
[WhiteElo "2179"]
[BlackElo "1977"]
[PlyCount "69"]
[EventDate "2004.11.21"]
[SourceDate "2004.09.21"]

1. e4 e5 2. Nc3 Nf6 3. g3 c6 4. Qe2 Bb4 5. Bg2 O-O 6. Qc4 Bxc3 7. Qxc3 d5 8. d3
d4 9. Qd2 c5 10. Ne2 Nc6 11. O-O Bd7 12. h3 Rc8 13. a4 b6 14. Kh2 a6 15. f4
exf4 16. Qxf4 Ne7 17. Qf2 Ng6 18. Kg1 Ne5 19. Bg5 Rc6 20. Bf4 Re6 21. g4 Ng6
22. Bh2 Bc6 23. b3 Nd7 24. Nf4 Nxf4 25. Bxf4 Ne5 26. Qg3 Qe7 27. g5 Ba8 28. h4
Ng6 29. Bd2 Qd6 30. Qh3 Ne5 31. Bf4 f6 32. Qg3 fxg5 33. hxg5 Qe7 34. Bh3 Rxf4
35. Bxe6+ 1-0

[Event "4NCL/Div1/AD1 vs. WES1"]
[Site "West Bromwich ENG"]
[Date "2004.11.21"]
[Round "4.1"]
[White "Chandler, Murray G"]
[Black "Upton, Ian J"]
[Result "1/2-1/2"]
[WhiteElo "2531"]
[BlackElo "2242"]
[PlyCount "68"]
[EventDate "2004.11.21"]
[SourceDate "2004.09.21"]

1. e4 e6 2. d4 d5 3. Nc3 Nf6 4. e5 Nfd7 5. Nf3 c5 6. dxc5 Nc6 7. Bf4 Bxc5 8.
Bd3 f6 9. exf6 Nxf6 10. O-O O-O 11. Ne5 Bd7 12. Qe2 Qe7 13. Rae1 Rae8 14. a3 a6
15. Bg3 Nxe5 16. Bxe5 Bc6 17. Kh1 Qf7 18. b4 Be7 19. f4 Nd7 20. Nb1 g6 21. Qg4
Nf6 22. Qh3 Ne4 23. Bxe4 dxe4 24. Nc3 Qf5 25. g4 e3+ 26. Kg1 Qxc2 27. Re2 Qd3
28. Rxe3 Qc4 29. Qxh7+ Kxh7 30. Rh3+ Kg8 31. Rh8+ Kf7 32. Rh7+ Kg8 33. Rh8+ Kf7
34. Rh7+ Kg8 1/2-1/2

[Event "4NCL/Div1/AD1 vs. WES1"]
[Site "West Bromwich ENG"]
[Date "2004.11.21"]
[Round "4.2"]
[White "Allicock, Rawle A"]
[Black "Hennigan, Michael T"]
[Result "1/2-1/2"]
[WhiteElo "2292"]
[BlackElo "2417"]
[PlyCount "89"]
[EventDate "2004.11.21"]
[SourceDate "2004.09.21"]

1. e4 c5 2. Nf3 d6 3. d4 cxd4 4. Nxd4 Nf6 5. Nc3 a6 6. Be3 e6 7. Qd2 Be7 8. f3
Nc6 9. O-O-O O-O 10. g4 Nxd4 11. Bxd4 b5 12. h4 b4 13. Ne2 a5 14. h5 Nd7 15.
Kb1 Ne5 16. Bxe5 dxe5 17. Qxd8 Rxd8 18. Rxd8+ Bxd8 19. Nc1 Bb6 20. Bc4 Ra7 21.
Rd1 Kf8 22. Nd3 Rc7 23. Bb5 Bd4 24. a3 bxa3 25. bxa3 Rc3 26. a4 g6 27. hxg6
fxg6 28. Ne1 Kg7 29. Kc1 h5 30. gxh5 gxh5 31. Kd2 Kh6 32. Ke2 h4 33. Rd3 Rxd3
34. Nxd3 Kg5 35. c3 Bxc3 36. Kf2 Bd2 37. Kg2 Bf4 38. Nb2 Bd2 39. Nd3 Bc3 40.
Kh3 Bd4 41. Kg2 Bb7 42. Kh3 Bc8 43. Kg2 Bc3 44. Kh3 Bd2 45. Kg2 1/2-1/2

[Event "4NCL/Div1/AD1 vs. WES1"]
[Site "West Bromwich ENG"]
[Date "2004.11.21"]
[Round "4.3"]
[White "Richardson, John R"]
[Black "Webb, Richard M"]
[Result "1-0"]
[WhiteElo "2309"]
[BlackElo "2313"]
[PlyCount "79"]
[EventDate "2004.11.21"]
[SourceDate "2004.09.21"]

1. d4 Nf6 2. c4 g6 3. g3 Bg7 4. Bg2 d5 5. cxd5 Nxd5 6. e4 Nb6 7. Ne2 e5 8. d5
O-O 9. O-O c6 10. Nbc3 cxd5 11. exd5 Na6 12. b3 f5 13. Ba3 Rf7 14. Rc1 f4 15.
f3 Bf8 16. Bxf8 Qxf8 17. Ne4 Bd7 18. gxf4 exf4 19. Qd4 Bb5 20. Rfe1 Bxe2 21.
Rxe2 Rd8 22. d6 Nb8 23. Bh3 Nc6 24. Qb2 Re8 25. Rce1 Re5 26. Nf6+ Rxf6 27. Rxe5
Nxe5 28. Qxe5 Qxd6 29. Be6+ Rxe6 30. Qxe6+ Qxe6 31. Rxe6 Kf7 32. Re4 Nd5 33.
Re5 Nc7 34. Rc5 Ne6 35. Rc8 Ke7 36. Rb8 Nd8 37. Rc8 Ne6 38. h4 h6 39. Rg8 g5
40. h5 1-0

[Event "4NCL/Div1/AD1 vs. WES1"]
[Site "West Bromwich ENG"]
[Date "2004.11.21"]
[Round "4.4"]
[White "Simons, Martin J"]
[Black "Lyell, Mark"]
[Result "1-0"]
[WhiteElo "2293"]
[BlackElo "2230"]
[PlyCount "197"]
[EventDate "2004.11.21"]
[SourceDate "2004.09.21"]

1. e4 e5 2. Nf3 Nc6 3. d4 exd4 4. Bc4 Nf6 5. e5 d5 6. Bb5 Ne4 7. Nxd4 Bc5 8.
Be3 Bd7 9. Bxc6 bxc6 10. O-O O-O 11. f3 Ng5 12. f4 Ne4 13. Nd2 Nxd2 14. Qxd2 f6
15. Qc3 Qe7 16. e6 Bxd4 17. Bxd4 Qxe6 18. f5 Qf7 19. Qg3 Rfe8 20. Qxc7 Re4 21.
Rad1 a6 22. Qb7 Rae8 23. Qxa6 Qh5 24. Qb7 Bxf5 25. Qxc6 Bg4 26. Rd2 Be2 27. Rf2
Qg5 28. Qc3 Bc4 29. h3 Re1+ 30. Kh2 R8e3 31. Bxe3 Rxe3 32. Rd3 Bxd3 33. cxd3
Qg3+ 34. Kg1 Rxd3 35. Qc8+ Kf7 36. Qd7+ Kg6 37. Qf5+ Kf7 38. Qd7+ Kg6 39. Qf5+
Kh6 40. Qf4+ Qxf4 41. Rxf4 d4 42. Kf1 Rd1+ 43. Ke2 Rb1 44. Rxd4 Rxb2+ 45. Rd2
Rb1 46. Kd3 Kg5 47. Kc2 Rb7 48. Rd4 Kf5 49. a4 Ke5 50. Kc3 f5 51. a5 Ra7 52.
Ra4 Kd5 53. a6 Kc5 54. Ra2 g6 55. Kd3 Kb6 56. Kd4 Rd7+ 57. Ke5 Ka7 58. Kf6 Rc7
59. Kg5 Rf7 60. g3 Rd7 61. Ra3 Rc7 62. Kh6 Rd7 63. h4 Rc7 64. h5 gxh5 65. Kxh5
Rg7 66. Kh4 Rg4+ 67. Kh3 Rg5 68. Ra4 Rh5+ 69. Kg2 Rh6 70. Ra5 Rh5 71. Kf3 Rg5
72. Ra4 Rg6 73. Ra3 Rxa6 74. Re3 Kb6 75. Kf4 Kc5 76. Kxf5 Kd4 77. Re4+ Kd3 78.
Re7 Rg6 79. g4 Rh6 80. Kg5 Rh1 81. Re6 Ra1 82. Kf6 Rg1 83. Kf5 Kd4 84. Rh6 Ra1
85. Rxh7 Ra5+ 86. Kf4 Ra1 87. Rd7+ Kc5 88. g5 Kc6 89. Rd2 Rg1 90. Kf5 Kc7 91.
Kf6 Rf1+ 92. Kg7 Rg1 93. g6 Rg3 94. Kf7 Rf3+ 95. Kg8 Rg3 96. g7 Rg1 97. Rd5 Kc8
98. Rf5 Kd7 99. Kf7 1-0

[Event "4NCL/Div1/AD1 vs. WES1"]
[Site "West Bromwich ENG"]
[Date "2004.11.21"]
[Round "4.5"]
[White "Snape, Ian"]
[Black "Corkett, Anthony R"]
[Result "1/2-1/2"]
[WhiteElo "2273"]
[BlackElo "2310"]
[PlyCount "46"]
[EventDate "2004.11.21"]
[SourceDate "2004.09.21"]

1. c4 Nf6 2. Nf3 g6 3. g3 Bg7 4. Nc3 O-O 5. Bg2 c5 6. d4 cxd4 7. Nxd4 Nc6 8.
O-O Nxd4 9. Qxd4 d6 10. Qd3 Rb8 11. Bd2 Nd7 12. b3 a6 13. Rac1 b5 14. cxb5 axb5
15. Nd5 Ne5 16. Qe3 e6 17. Nb4 Bb7 18. Nc6 Nxc6 19. Bxc6 Bxc6 20. Rxc6 Rc8 21.
Rfc1 Rxc6 22. Rxc6 Qa8 23. Rxd6 Qxa2 1/2-1/2

[Event "4NCL/Div1/AD1 vs. WES1"]
[Site "West Bromwich ENG"]
[Date "2004.11.21"]
[Round "4.6"]
[White "Yeo, Michael J"]
[Black "Wheeler, Darren P"]
[Result "1/2-1/2"]
[WhiteElo "2216"]
[BlackElo "2239"]
[PlyCount "51"]
[EventDate "2004.11.21"]
[SourceDate "2004.09.21"]

1. e4 e6 2. d4 d5 3. Nc3 Bb4 4. exd5 exd5 5. Bd3 Nc6 6. a3 Bxc3+ 7. bxc3 Nge7
8. Qh5 Be6 9. Ne2 Qd7 10. Nf4 Bf5 11. Rb1 b6 12. O-O O-O 13. Re1 Rfe8 14. Bd2
Bg6 15. Nxg6 hxg6 16. Qg5 Nf5 17. h3 Rxe1+ 18. Rxe1 Qd8 {(=)} 19. Ba6 Nce7 20.
g4 f6 21. Qf4 Nd6 22. Qe3 Kf8 23. Qe6 Qe8 24. Bf4 Rd8 25. Bf1 Qf7 26. Qxf7+
1/2-1/2

[Event "4NCL/Div1/AD1 vs. WES1"]
[Site "West Bromwich ENG"]
[Date "2004.11.21"]
[Round "4.7"]
[White "Anderton, David"]
[Black "Clark, Ian C"]
[Result "1/2-1/2"]
[WhiteElo "2248"]
[BlackElo "2109"]
[PlyCount "75"]
[EventDate "2004.11.21"]
[SourceDate "2004.09.21"]

1. d4 d5 2. c4 dxc4 3. Nf3 Nf6 4. e3 e6 5. Bxc4 c5 6. O-O Nbd7 7. Qe2 cxd4 8.
exd4 Be7 9. Nc3 O-O 10. Bg5 Nb6 11. Bb3 Bd7 12. Ne5 Bc6 13. Rad1 Nbd5 14. Rfe1
Bb4 15. Bd2 Bd6 16. Bc2 Nxc3 17. Bxc3 Bd5 18. Bb1 Rc8 19. Qd3 g6 20. Bd2 Re8
21. Bg5 Be7 22. Qh3 Nh5 23. Be3 Bg5 {(=)} 24. Nd3 Bxe3 25. fxe3 Be4 26. Nc5
Bxb1 27. Rxb1 b6 28. Nd3 Rc2 29. Rbc1 Rd2 30. Rcd1 Rxd1 31. Rxd1 e5 32. g4 Ng7
33. Nb4 exd4 34. exd4 Qg5 35. Qg2 Qe3+ 36. Kh1 h5 37. g5 Nf5 38. Nc2 1/2-1/2

[Event "4NCL/Div1/AD1 vs. WES1"]
[Site "West Bromwich ENG"]
[Date "2004.11.21"]
[Round "4.8"]
[White "Evans-Quek, Debbie"]
[Black "Bellin, Jana"]
[Result "1/2-1/2"]
[WhiteElo "2013"]
[BlackElo "2184"]
[PlyCount "181"]
[EventDate "2004.11.21"]
[SourceDate "2004.09.21"]

1. e4 c5 2. Nf3 e6 3. d3 d5 4. Nbd2 b6 5. g3 Bb7 6. Bg2 dxe4 7. dxe4 Ba6 8. c4
Ne7 9. Qc2 Nec6 10. a3 Be7 11. O-O O-O 12. e5 Nd7 13. Re1 Rc8 14. b3 Qc7 15.
Bb2 Rfd8 16. Rad1 h6 17. h4 b5 18. cxb5 Bxb5 19. Nc4 Bxc4 20. bxc4 Nb6 21. Nd2
Nd4 22. Qe4 Rd7 23. Bf1 Rcd8 24. Bd3 Nf5 25. Nf3 Qb7 26. Qe2 Nxc4 27. Bc1 Na5
28. Be4 Qb3 29. Rxd7 Rxd7 30. Nd2 Nd4 31. Qa6 Qb6 32. Qf1 Nab3 33. Nxb3 Qxb3
34. Qg2 c4 35. Be3 Bxa3 36. Rb1 Bb2 37. Qf1 c3 38. Qa6 Qb8 39. Qa5 c2 40. Bxc2
Nxc2 41. Qa4 Qd8 42. Qxc2 Bxe5 43. Qa4 Qc7 44. Rc1 Qb7 45. Qg4 Bf6 46. Qa4 Kh7
47. Qc2+ g6 48. h5 Qd5 49. hxg6+ fxg6 50. Qa4 h5 51. Bxa7 Bg5 52. Rc5 Qd1+ 53.
Qxd1 Rxd1+ 54. Kg2 Rd7 55. Bb8 Bf6 56. Rc7 Rxc7 57. Bxc7 g5 58. f4 g4 59. Kf2
Bd4+ 60. Kg2 Kg6 61. Bd8 Kf5 62. Be7 Bf6 63. Bd6 Ke4 64. Bc7 Be7 65. Be5 Kd5
66. Bc7 Bf6 67. Ba5 Kc6 68. Bb4 Bd8 69. Bc3 Kd5 70. Be5 Ke4 71. Bd6 Kf5 72. Bb8
Ba5 73. Bd6 Bd2 74. Be7 Bc3 75. Bd8 Bf6 76. Bc7 Be7 77. Be5 h4 78. gxh4 Bxh4
79. Bc7 Be1 80. Bd6 Kg6 81. Bc7 Kh5 82. Bd6 g3 83. Bc5 Kg4 84. Be3 Bb4 85. Bc1
Bd6 86. Bd2 Bxf4 87. Be1 e5 88. Bc3 e4 89. Be1 e3 90. Bc3 Kf5 91. Kf3 1/2-1/2